000 00565nam a2200205 a 4500
005 20240911064016.0
008 991125s1976 mx 000 0 spa u
035 _aUPN01000005855
049 _aCG
050 4 _aQP38
_bB6.28
100 1 _aBoardman, Harry
245 1 0 _aBiología y conducta humana /
_cHarry Boardman y Stuart A. Ross.
260 _aMéxico :
_bEDAMEX,
_c1976.
300 _a346 p.
440 0 _aDidáctica moderna
650 4 _aConducta (Psicología)
_94460
650 2 _aBiología
_94222
700 1 _aRoss, Stuart A.,
_ecoaut.
905 _aLibro
999 _c5855
_d5855